John M Stephenson and Ian Michael Harper v Leathbond Ltd and Edgeside Ltd (Record no. 76034)
[ view plain ]
| 000 -LEADER | |
|---|---|
| fixed length control field | 02192cab a2200241 4500 |
| 001 - CONTROL NUMBER | |
| control field | ##L131306 |
| 008 - FIXED-LENGTH DATA ELEMENTS--GENERAL INFORMATION | |
| fixed length control field | 051019n2005 000 0 eng u |
| 035 ## - SYSTEM CONTROL NUMBER | |
| System control number | (Sirsi) u131306 |
| 041 0# - LANGUAGE CODE | |
| Language code of text/sound track or separate title | eng |
| 245 00 - TITLE STATEMENT | |
| Title | John M Stephenson and Ian Michael Harper v Leathbond Ltd and Edgeside Ltd |
| 260 ## - PUBLICATION, DISTRIBUTION, ETC. | |
| Date of publication, distribution, etc. | 2005 |
| 520 ## - SUMMARY, ETC. | |
| Summary, etc. | [2004] UKLands LRA 72 2004, 22 June 2005. Questions whether only the county court and not the leasehold valuation tribunal (LVT) had jurisdiction to determine a dispute relating to the acquisition of additional land in collective enfranchisement proceedings. Appeal by L and E who were respectively the freeholder of the flats and most of the additional land, and the owner of a small area of additional land, against the LVT's dismissal of their contention that only the county court had jurisdiction in the dispute. "Held": appeal dismissed. The division of functions between county courts and LVTs is clear from the provisions of the Leasehold Reform, Housing and Urban Development Act 1993 relating to the reversioner's counternotice in s21 of the Act. S21 distinguishes between admitting and rejecting the right to enfranchise and admitting the right but disputing proposals in the initial notice. The distinction is carried forward to ss 22 and 24 that concern the resolution of disputes. County courts deal with disputes where a right to enfranchise is not admitted and LVTs cases where the right to enfranchise is admitted but proposals are disputed. |
| 590 ## - LOCAL NOTE (RLIN) | |
| Local note | IKA251005 |
| 600 24 - SUBJECT ADDED ENTRY--PERSONAL NAME | |
| Personal name | LEASEHOLD REFORM, HOUSING AND URBAN DEVELOPMENT ACT 1993 SCHED 3 PARA 15 |
| 650 24 - SUBJECT ADDED ENTRY--TOPICAL TERM | |
| Topical term or geographic name entry element | STEPHENSON AND ANOTHER V LEATHBOND LTD AND ANOTHER |
| 650 24 - SUBJECT ADDED ENTRY--TOPICAL TERM | |
| Topical term or geographic name entry element | LEASEHOLD REFORM, HOUSING AND URBAN DEVELOPMENT ACT 1993 S13 |
| 650 24 - SUBJECT ADDED ENTRY--TOPICAL TERM | |
| Topical term or geographic name entry element | LEASEHOLD REFORM, HOUSING AND URBAN DEVELOPMENT ACT 1993 S21 |
| 650 24 - SUBJECT ADDED ENTRY--TOPICAL TERM | |
| Topical term or geographic name entry element | LEASEHOLD REFORM, HOUSING AND URBAN DEVELOPMENT ACT 1993 S22 |
| 650 24 - SUBJECT ADDED ENTRY--TOPICAL TERM | |
| Topical term or geographic name entry element | LEASEHOLD REFORM, HOUSING AND URBAN DEVELOPMENT ACT 1993 S24 |
| 690 ## - LOCAL SUBJECT ADDED ENTRY--TOPICAL TERM (OCLC, RLIN) | |
| Topical term or geographic name as entry element | PROPERTY-LEASEHOLD PROPERTY-LANDLORD AND TENANT-LEASES-LEASEHOLD ENFRANCHISEMENT |
| 856 40 - ELECTRONIC LOCATION AND ACCESS | |
| Uniform Resource Identifier | <a href="https://www2.bailii.org/ew/cases/EWLands/2005/LRA_72_2004.html">https://www2.bailii.org/ew/cases/EWLands/2005/LRA_72_2004.html</a> |
| Public note | View the judgment at www.bailii.org... |
| 942 ## - ADDED ENTRY ELEMENTS (KOHA) | |
| Suppress in OPAC | 0 |
| Withdrawn status | Lost status | Source of classification or shelving scheme | Damaged status | Not for loan | Home library | Current library | Shelving location | Date acquired | Total Checkouts | Full call number | Barcode | Date last seen | Copy number | Price effective from | Koha item type |
|---|---|---|---|---|---|---|---|---|---|---|---|---|---|---|---|
| Dewey Decimal Classification | Virtual | Virtual | Online | 19/10/2005 | ONLINE PUBLICATION | 131306-2001 | 06/08/2019 | 1 | 06/08/2019 | Law report |